Guess the Fusion Rock Song Lyrics #125 - Statistics

General Stats
  • This quiz has been taken 34 times
  • The average score is 93 of 167
Answer Stats
Answer % Correct
A
93%
a
93%
the
90%
I
87%
no
87%
an
80%
To
80%
to
80%
and
77%
And
77%
In
77%
in
77%
On
77%
Simon and Garfunkel
77%
am
73%
have
73%
me
73%
my
70%
love
67%
one
60%
rock
60%
That
60%
that
60%
day
57%
If
57%
island
57%
It's
57%
it's
57%
never
57%
of
57%
Of
57%
Don't
50%
for
47%
from
47%
I've
43%
would
43%
alone
40%
feels
40%
cries
37%
loved
37%
pain
37%
Well
37%
won't
37%
dark
33%
loving
30%
need
30%
before
27%
books
27%
deep
27%
none
27%
room
27%
winter's
27%
armor
23%
below
23%
cried
23%
December
23%
disdain
23%
feelings
23%
heard
23%
Hiding
23%
laughter
23%
poetry
23%
protect
23%
streets
23%
talk
23%
touch
23%
window
23%
word
23%
causes
20%
friendship
20%
Friendship
20%
may
20%
snow
20%
touches
20%
within
20%
built
17%
died
17%
fallen
17%
fortress
17%
freshly
17%
memory
17%
Safe
17%
shielded
17%
walls
17%
womb
17%
disturb
13%
Gazing
13%
mighty
13%
penetrate
13%
shroud
13%
silent
13%
sleeping
13%
slumber
13%
steep
10%
No matching quizzes found
Score Distribution
Percent of People with Each Score
Percentile by Number Answered
Your Score History
You have not taken this quiz